[Event "GER-ch U12"]
[Site "Willingen"]
[Date "2008.05.12"]
[Round "4"]
[White "Wulf, Constanze"]
[Black "Paliy, Margaryta"]
[Result "1-0"]
[WhiteElo "1047"]
[BlackElo "934"]
[PlyCount "63"]
[EventDate "2008.05.11"]
[EventType "swiss"]
[EventRounds "11"]
[EventCountry "GER"]
[SourceTitle "CBM 124 Extra"]
[Source "ChessBase"]
[SourceDate "2008.07.03"]
[SourceVersion "1"]
[SourceVersionDate "2008.07.03"]
[SourceQuality "1"]

1. e4 e5 2. Nf3 Nc6 3. Bc4 Nf6 4. d3 Be7 5. Nc3 0-0 6. Be3 d6 7. h3 Be6 8. Bb3 Bxb3 9. axb3 d5 10. exd5 Nxd5 11. Qd2 Nxe3 12. fxe3 Bb4 13. 0-0-0 h6 14. e4 Nd4 15. Qe3 Nxf3 16. Qxf3 Bxc3 17. bxc3 a5 18. g4 Qg5+ 19. Kb2 a4 20. h4 Qe7 21. b4 a3+ 22. Ka1 Qd7 23. Rb1 Qa4 24. Rb3 Rab8 25. Qe3 b6 26. h5 c5 27. Qg1 cxb4 28. g5 hxg5 29. Qxg5 bxc3 30. h6 g6 31. Qf6 Kh7 32. Qg7# 1-0